| 000 | 00531nam a22001697a 4500 | ||
|---|---|---|---|
| 005 | 20251127172613.0 | ||
| 008 | 251124b |||||||| |||| 00| 0 eng d | ||
| 020 | _a978-81-938138-8-1 | ||
| 041 | _aeng | ||
| 082 | _a615.3 RAS | ||
| 100 |
_aRASHEED, SHAIK HARUN & DHANAPAL, C.K AND KAUSAR SULTHANA, & SRAVYA, G. _98793 |
||
| 245 | _aPHARMACEUTICAL FORMULATIONS : A PRACTICAL TEXT FOR [3RD YEAR ] D. PHARMA PROGRAMME | ||
| 260 |
_aHYDERABAD _bTAURUS PUBLISHERS |
||
| 300 | _a124;P | ||
| 650 |
_aPHARMACY _xD.PHARMA |
||
| 942 | _cBK | ||
| 999 |
_c8970 _d8968 |
||